| 000 | 00509nam a22001577a 4500 | ||
|---|---|---|---|
| 082 | _a540 | ||
| 100 | _aAfzal, Humaira | ||
| 245 |
_aSynthesis and Biological Activities of Metal Complexes of Schiff Bases Synthesized from Isoniazid _cHumaira Afzal. |
||
| 260 |
_aIslamabad: _bSNS - NUST, _c2017. |
||
| 300 |
_a68 p.: ill,; _c30cm. |
||
| 650 |
_aMS Thesis. _918721 |
||
| 700 |
_aDr. Muhammad Arfan _916951 |
||
| 942 |
_2ddc _cTHE |
||
| 999 |
_c528408 _d528408 |
||